| 000 | 00504nam a2200181Ia 4500 | ||
|---|---|---|---|
| 999 |
_c27942 _d27942 |
||
| 003 | OSt | ||
| 005 | 20201124110355.0 | ||
| 008 | 190216s9999||||xx |||||||||||||| ||und|| | ||
| 020 | _a9788171307579 | ||
| 040 | _coclc | ||
| 082 |
_a894.8123 _bSUR/M |
||
| 100 |
_aSurendran, P _9540 |
||
| 245 | 0 |
_aMayapuranam / _cP Surendran |
|
| 260 |
_bD C Books Kerala, _c1997. _aKottayam: |
||
| 300 | _a106p | ||
| 650 | _aMalayalam Novel | ||
| 942 |
_cBK _2ddc _h894.8123 _iSUR/M _k894.8123 _mSUR/M |
||